000 00435nam a2200169Ia 4500
003 GCL
008 140319s9999 xx 000 0 eng d
040 _aGCL /
_cGCL
082 0 4 _a551.48
_bW E
100 1 _aWARD, ANDY D.
245 1 0 _aENVIRONMINTAL: HYDROLOGY /
_cWARD, ANDY D.
700 1 _aEUIOT, WILLIAM J.
260 _a[S.N] :
_bLEWIS PUBLISHRS ،
_c1995
650 0 4 _aHYDROLOGY
650 0 4 _aENVIRONMENTAL
942 _2ddc
_cBK
999 _c10204
_d10204